000 00360 a2200145 4500
999 _c10255
_d10255
020 _a9780091799748
050 _aPR101.N34
100 _aAnderson Loise
_eauthor
245 _aPerception of death /
_cLouise Anderson
264 _aLondon :
_bHutchinson,
_c2004
300 _a442p. :
500 _anovel
650 _anovel
942 _2lcc
_cBK
_h101.N34
_iAND
_kPR